| 000 | 00000nam##2200000za#4500 |
| 001 | 9.604526 |
| 003 | CaOODSP |
| 005 | 20210624211643 |
| 007 | cr ||||||||||| |
| 008 | 150406|2008||||xxc|||||o f|0| 0 fre|d |
| 040 | |aCaOODSP|bfre |
| 043 | |an-cn--- |
| 086 | 1 |aT41-1/61F-PDF |
| 110 | 1 |aCanada. |bTransports Canada. |
| 245 | 13|aLe transport durable dans les petites collectivités et les collectivités rurales |h[ressource électronique] |
| 260 | |aOttawa - Ontario : |bTransports Canada |cJuin 2008. |
| 300 | |a10p.|bfigures en couleur, références, photographies |
| 490 | 1 |aÉtudes de cas sur les transports durables |vDocument de discussion nº 61 |
| 500 | |aEn tête du titre : Programme de démonstration en transport urbain. |
| 590 | |a12-36-Supp|b2012-08-22 |
| 775 | 08|tSustainable transportation in small and rural communities |w(CaOODSP)9.574797 |
| 830 | #0|aÉtudes de cas sur les transports durables ;|vDocument de discussion nº 61|w(CaOODSP)9.503247 |
| 856 | 40|ahttp://publications.gc.ca|qPDF|s347 Ko|uhttps://publications.gc.ca/collections/collection_2012/tc/T41-1-61-fra.pdf|yDocument de discussion nº 61 |